00715nam a2200205Ia 4500003000900000008004100009040001600050080001600066245008700082260003700169300001600206650003400222650001900256650002300275700003600298700003300334942000700367999001500374952012000389IN-BaIIA211028s9999 xx 000 0 eng d cIIA Library a535.33bLIP 0aSpectroscopium internationalecedited by Ellis R. Lippincott and Marvin Margoshes aWashington,bSpartan Booksc1963 aviii, 806p. aAbsorption Spectroscopy91788 aNASA Thesaurus aSpectroscopy91535 aLippincott, Ellis R., ed.94247 aMargoshes, Marvin, ed.94248 cBK c2373d2373 00104070aBANbBANcGENd1965-04-01g132.00l0o535.33/ LIPp2654r2021-11-05v132.00w1965-04-01yBKGRs. 132.00